000 00325nam a2200133Ia 4500
008 191201s2009 xx 000 0 und d
100 _aSAXENA, Sanjay
245 0 _aFirst Course in Computers 2003
250 _aRep
260 _aN. Delhi
_bVikas Publication House
_c2009
300 _aMISC
650 _aBBA
942 _2ddc
_cBK
999 _c4537
_d4537